000 00595nam a2200193Ia 4500
005 20250508152553.0
008 008 250505s9999 xx 000 0 eng d
037 _aTextual
040 _aFEDL
_beng
_cFEDL
041 _aeng
_2eng
084 _a371.42, BRU
_qFEDL
100 _aBrunson May A.
_9761828
245 0 _aGuidance : An integrating process in higher education
260 _aNew York, USA
_bBureau of Publications
_c1959
300 _ax,180p.
650 _aEducational - Guideance and Counseling
_9757599
942 _cTEXL
_h371.42, BRU
999 _c1337311
_d1337311